UBT Library

THE WORKINGS OF THE BRAIN DEVELOPMENT MEMORY AND PERCEPTION (Record no. 60405)

000 -LEADER
fixed length control field 00355nam a22001457a 4500
008 - FIXED-LENGTH DATA ELEMENTS--GENERAL INFORMATION
fixed length control field 230926b ||||| |||| 00| 0 eng d
020 ## - INTERNATIONAL STANDARD BOOK NUMBER
International Standard Book Number 071672071
041 ## - LANGUAGE CODE
Language code of text/sound track or separate title eng
080 ## - UNIVERSAL DECIMAL CLASSIFICATION NUMBER
Universal Decimal Classification number 616.8
082 ## - DEWEY DECIMAL CLASSIFICATION NUMBER
Classification number 616.8LLI
100 ## - Rafti
Rafti 11
101 ## - Shkurtesa
Shkurtesa TRURI
245 ## - TITLE STATEMENT
Title THE WORKINGS OF THE BRAIN DEVELOPMENT MEMORY AND PERCEPTION
Statement of responsibility, etc LLIANS .R.R
942 ## - ADDED ENTRY ELEMENTS (KOHA)
Source of classification or shelving scheme
Item type Books
Holdings
Withdrawn status Lost status Source of classification or shelving scheme Damaged status Not for loan Collection code Permanent location Current location Date acquired Total Checkouts Full call number Barcode Date last seen Price effective from Koha item type
          Koleksioni i përgjithshem UBT - Lipjan UBT - Lipjan 09/26/2023   616.8LLI 002-800070371 09/26/2023 09/26/2023 Books
UBT Library © 2015-2024. All rights reserved University Education for Business and Technology